El retorno del péndulo : (Record no. 161771)

MARC details
000 -LEADER
fixed length control field 00806nam a22002297a 4500
005 - DATE AND TIME OF LATEST TRANSACTION
control field 20220429124154.0
008 - FIXED-LENGTH DATA ELEMENTS--GENERAL INFORMATION
fixed length control field 220429b sp ||||| |||| 00| 0 spa d
020 ## - INTERNATIONAL STANDARD BOOK NUMBER
International Standard Book Number 9788437507088
050 04 - LIBRARY OF CONGRESS CALL NUMBER
Classification number BF175.4.S65
Item number B38 2014
100 1# - MAIN ENTRY--PERSONAL NAME
Personal name Bauman, Zygmunt
245 13 - TITLE STATEMENT
Title El retorno del péndulo :
Remainder of title sobre psicoanálisis y el futuro del mundo líquido
Statement of responsibility, etc / Zygmunt Bauman, Gustavo Dessal.
250 ## - EDITION STATEMENT
Edition statement 1a ed.
260 ## - PUBLICATION, DISTRIBUTION, ETC. (IMPRINT)
Place of publication, distribution, etc Madrid :
Name of publisher, distributor, etc Fondo de Cultura Económica,
Date of publication, distribution, etc 2014
300 ## - PHYSICAL DESCRIPTION
Extent 162 p . ;
Dimensions 21 cm.
490 0# - SERIES STATEMENT
Series statement Colección Sociología / Fondo de Cultura Económica
600 10 - SUBJECT ADDED ENTRY--PERSONAL NAME
Personal name Freud, Sigmund,
Dates associated with a name 1856-1939
650 #7 - SUBJECT ADDED ENTRY--TOPICAL TERM
Source of heading or term lemb
Topical term or geographic name as entry element Psicoanálisis
650 #7 - SUBJECT ADDED ENTRY--TOPICAL TERM
Source of heading or term lemb
Topical term or geographic name as entry element Civilización
General subdivision Filosofía
Chronological subdivision Siglo XXI
700 1# - ADDED ENTRY--PERSONAL NAME
Personal name Dessal, Gustavo
Relator term autor
700 1# - ADDED ENTRY--PERSONAL NAME
Personal name Mosconi, Lilia
Relator term traductor
942 ## - ADDED ENTRY ELEMENTS (KOHA)
Source of classification or shelving scheme Biblioteca del Cogreso de los Estados Unidos
Koha item type Libro
Holdings
Estado de pérdida Fuente de clasificación Estado del daño No para préstamo Ubicación permanente Ubicación actual Apartado o colección Fecha de adquisición Fuente de adquisición Edición Área del conocimiento Total Checkouts Clasificación Código de Barras Date last seen Número de copia Costo por reposición Tipo de recurso
  Biblioteca del Cogreso de los Estados Unidos     Biblioteca de la Facultad de Letras Biblioteca de la Facultad de Letras General 29/04/2022 Donación 1a ed. Ciencias Sociales y Administrativas   BF175.4.S65 B38 2014 LLH000010058 29/04/2022 1 1.00 Libro